| 000 | 00404nam a2200157 a 4500 | ||
|---|---|---|---|
| 001 | 4383 | ||
| 003 | CDMR | ||
| 005 | 20131213133416.0 | ||
| 008 | 130130s1911||||||||||||||||||||||||||||d | ||
| 040 |
_aCDMR _bcat _cCDMR |
||
| 245 | 3 |
_aEl libro de la prensa _cprólogo de Miguel Moya |
|
| 260 |
_aMadrid _c1911 _bBiblioteca Renacimiento |
||
| 300 | _a231 p. | ||
| 650 | 0 | 4 |
_92742 _aPremsa _zEspanya |
| 942 |
_cMON _2udc |
||
| 999 |
_c4383 _d4383 |
||